00399pab a2200145 454500008004000000100002900040245007000069260000900139300001200148362000800160650002500168650002400193650001000217773002600227180718b1998 xxu||||| |||| 00| 0 eng d aHabibullah, Muzafar Shah aLong-run relationship between money and income in the Philippines c1998 ap.54-69 aApr aIncome - Philippines aMoney - Philippines aMoney aAsian Economic Review